[Event "23rd ECC Men"]
[Site "Kemer TUR"]
[Date "2007.10.03"]
[Round "1"]
[White "Abeln,M"]
[Black "Sutovsky,E"]
[Result "0-1"]
[WhiteElo "2378"]
[BlackElo "2656"]
[EventDate "2007.10.03"]

1. d4 Nf6 2. c4 e6 3. Nc3 Bb4 4. e3 b6 5. Nge2 Bb7 6. a3 Bd6 7. Ng3 h5 8.
f3 h4 9. Nge4 Nxe4 10. fxe4 Qg5 11. Qf3 f5 12. Bd3 O-O 13. Qh3 fxe4 14.
Bxe4 Bxe4 15. Nxe4 Qg6 16. Nf2 Qc2 17. O-O Nc6 18. Qxh4 Rf7 19. e4 Nxd4 20.
Be3 Qxc4 21. Rfd1 Bc5 22. Ng4 Raf8 23. h3 Nb3 24. Rab1 Bxe3+ 25. Nxe3 Qc5
26. Qg3 Nd4 0-1

[Event "23rd ECC Men"]
[Site "Kemer TUR"]
[Date "2007.10.04"]
[Round "2"]
[White "Bacrot,E"]
[Black "Kalod,R"]
[Result "1-0"]
[WhiteElo "2695"]
[BlackElo "2492"]
[EventDate "2007.10.03"]

1. Nf3 Nf6 2. c4 c6 3. d4 d5 4. e3 Bg4 5. Nc3 e6 6. h3 Bxf3 7. Qxf3 Nbd7 8.
Bd3 Bd6 9. cxd5 cxd5 10. g4 h6 11. h4 Nb6 12. Bd2 Qe7 13. g5 hxg5 14. hxg5
Rxh1+ 15. Qxh1 Nfd7 16. Nb5 Bb8 17. a3 Qxg5 18. Qh8+ Nf8 19. Bb4 Nbd7 20.
Rc1 Qg1+ 21. Bf1 Bh2 22. Nc7+ Bxc7 23. Rxc7 Kd8 24. Rc3 Ke8 25. e4 Qg6 26.
Bb5 Qxe4+ 27. Kd1 Qxd4+ 28. Kc2 Qxf2+ 29. Kb3 Kd8 30. Bxf8 1-0

[Event "23rd ECC Men"]
[Site "Kemer TUR"]
[Date "2007.10.04"]
[Round "2"]
[White "Inarkiev,E"]
[Black "Galkin,A"]
[Result "1-0"]
[WhiteElo "2674"]
[BlackElo "2608"]
[EventDate "2007.10.03"]

1. e4 c6 2. d4 d5 3. Nc3 dxe4 4. Nxe4 Nd7 5. Ng5 Ngf6 6. Bd3 e6 7. N1f3 Bd6
8. Qe2 h6 9. Ne4 Nxe4 10. Qxe4 Qc7 11. O-O b6 12. Qg4 Kf8 13. b3 Bb7 14.
Bb2 Nf6 15. Qh3 Nd5 16. g3 Nb4 17. Be4 Kg8 18. c4 c5 19. d5 h5 20. Rad1
exd5 21. cxd5 Nxa2 22. Rfe1 Nb4 23. Nh4 Bc8 24. Bf5 Bb7 25. Bb1 Rd8 26. Nf5
Bc8 27. Qh4 Bxf5 28. Bxf5 Bf8 29. d6 Rxd6 30. Bxg7 Be7 31. Rxe7 Rxd1+ 32.
Kg2 Qxe7 33. Qxe7 Kxg7 34. Be6 1-0

[Event "23rd ECC Men"]
[Site "Kemer TUR"]
[Date "2007.10.04"]
[Round "2"]
[White "Milov,V"]
[Black "Riff,JN"]
[Result "1-0"]
[WhiteElo "2680"]
[BlackElo "2474"]
[EventDate "2007.10.03"]

1. d4 Nf6 2. c4 e6 3. Nc3 Bb4 4. e3 O-O 5. Bd3 d5 6. cxd5 exd5 7. Nge2 Bd6
8. Qc2 a6 9. a3 Re8 10. b4 b6 11. O-O Bb7 12. Rb1 Qe7 13. h3 Nbd7 14. b5 a5
15. a4 Rac8 16. Qb3 Nf8 17. Nf4 Rcd8 18. Ra1 Bxf4 19. exf4 Ne4 20. Be3 Qd6
21. Rac1 Ng6 22. Ne2 Nh4 23. Bxe4 dxe4 24. Ng3 Rd7 25. Qd1 Qg6 26. Rc3 Nf5
27. Nxf5 Qxf5 28. Qg4 g6 29. Rfc1 Ree7 30. Qh4 Qd5 31. f5 Qxf5 32. Rxc7 f6
33. Rc8+ Bxc8 34. Rxc8+ Kg7 35. Qh6+ Kf7 36. Qf8+ Ke6 37. Rc6+ Kd5 38. Rxb6
Qh5 39. Qg8+ 1-0

[Event "23rd ECC Men"]
[Site "Kemer TUR"]
[Date "2007.10.04"]
[Round "2"]
[White "Dal Borgo,A"]
[Black "Sisatto,O"]
[Result "0-1"]
[WhiteElo "2150"]
[BlackElo "2264"]
[EventDate "2007.10.03"]

1. e4 c5 2. c3 g6 3. Nf3 Bg7 4. d4 cxd4 5. cxd4 d5 6. e5 Bg4 7. Nc3 Nc6 8.
Bb5 f6 9. exf6 exf6 10. h3 Bxf3 11. Qxf3 Nge7 12. O-O O-O 13. Rd1 Qd7 14.
Ba4 Rad8 15. Be3 h6 16. Rac1 f5 17. Bf4 Kh7 18. Be5 Nxe5 19. dxe5 Qe6 20.
Bb3 Qxe5 21. Nxd5 Nc6 22. Nc3 f4 23. Bd5 Nd4 24. Qe4 Qf6 25. Ne2 Rxd5 26.
Rxd4 Rxd4 27. Nxd4 Qxd4 0-1

[Event "23rd ECC Men"]
[Site "Kemer TUR"]
[Date "2007.10.04"]
[Round "2"]
[White "Tavoularis,N"]
[Black "Hentunen,A"]
[Result "0-1"]
[WhiteElo "2246"]
[BlackElo "2352"]
[EventDate "2007.10.03"]

1. e4 g6 2. d4 Bg7 3. Nf3 c5 4. dxc5 Qa5+ 5. c3 Qxc5 6. Na3 Nf6 7. Nb5 Na6
8. Be3 Qc6 9. e5 Ng4 10. Bd4 Nc5 11. e6 f6 12. Bxc5 Qxc5 13. Qd4 Qxd4 14.
cxd4 Kd8 15. d5 Ne5 16. Nxe5 fxe5 17. Rc1 Bh6 18. Rc2 a6 19. Nc7 Ra7 20.
exd7 Kxd7 21. Be2 Kd6 22. O-O Bf5 23. Rc4 Rc8 24. Ne6 Raa8 25. Rh4 Bc1 26.
b3 h5 27. Bc4 Bh6 28. a4 b5 29. axb5 axb5 30. Bxb5 Kxd5 31. Rd1+ Kxe6 32.
Bd7+ Kf6 33. Bxc8 Rxc8 34. Rc4 Rb8 35. b4 Be6 36. Re4 Rb5 37. f3 Bd5 38.
Re2 e6 39. Rb1 Bf8 40. Reb2 Bd6 41. Kh1 e4 42. fxe4 Bxe4 43. Rd1 Be5 44.
Rf2+ Kg5 45. Re1 Bf5 46. g3 Bd4 47. Rfe2 Kf6 48. Kg2 Rxb4 49. h3 e5 50. Rc1
e4 51. g4 hxg4 52. hxg4 Be6 53. Kg3 Be5+ 54. Kh3 Rb3+ 55. Kg2 Bxg4 56. Rc6+
Kf5 0-1

[Event "23rd ECC Men"]
[Site "Kemer TUR"]
[Date "2007.10.04"]
[Round "2"]
[White "Van Hoolandt,P"]
[Black "Erturan,Y"]
[Result "1-0"]
[WhiteElo "2245"]
[BlackElo "2419"]
[EventDate "2007.10.03"]

1. d4 Nf6 2. c4 e6 3. Nf3 b6 4. Nc3 Bb7 5. Bg5 Be7 6. Qc2 c5 7. dxc5 bxc5
8. e3 d6 9. Be2 Nbd7 10. O-O O-O 11. Rfd1 Qb6 12. Rd2 Rfd8 13. Rad1 Nf8 14.
Ne1 Rd7 15. Bf3 Rad8 16. Bxb7 Qxb7 17. Nf3 Ng6 18. b3 h6 19. Bxf6 Bxf6 20.
Ne4 Be7 21. Ng3 Qb4 22. Ne4 a6 23. h3 Qb7 24. Nc3 Qb4 25. Ne4 f5 26. Ng3
Nf8 27. Ne1 Bh4 28. Ne2 Bf6 29. Nd3 Qb7 30. Ng3 g6 31. Nf4 a5 32. e4 Bg5
33. Nge2 fxe4 34. Qc3 Rf7 35. g3 e5 36. Nd5 Bxd2 37. Qxd2 a4 38. bxa4 Kg7
39. Nec3 Ne6 1-0

[Event "23rd ECC Men"]
[Site "Kemer TUR"]
[Date "2007.10.05"]
[Round "3"]
[White "Minasian,Art"]
[Black "Short,N"]
[Result "1/2-1/2"]
[WhiteElo "2571"]
[BlackElo "2649"]
[EventDate "2007.10.03"]

1. g3 d5 2. Bg2 e5 3. c4 d4 4. d3 c5 5. Nf3 Nc6 6. O-O Bd6 7. e3 Nge7 8.
exd4 cxd4 9. a3 a5 10. Nbd2 O-O 11. Re1 Ng6 12. Rb1 h6 13. Qc2 a4 14. b4
axb3 15. Rxb3 Ra7 16. c5 Bc7 17. Nc4 Kh8 18. Nfd2 f5 19. Qb1 Rf7 20. Rb5 e4
21. dxe4 f4 22. Nd6 Bxd6 23. cxd6 Nge5 24. Qb3 Qf8 25. Nc4 fxg3 26. hxg3
Nf3+ 27. Bxf3 Rxf3 28. Rf5 Qxf5 29. exf5 Rxb3 30. Re8+ Kh7 31. Rxc8 Rb1 32.
d7 Rxc1+ 33. Kg2 Rxc4 34. Rxc6 Rxc6 35. d8=Q Rxa3 36. Qxd4 Rac3 37. f6 gxf6
38. Qd7+ 1/2-1/2

[Event "23rd ECC Men"]
[Site "Kemer TUR"]
[Date "2007.10.05"]
[Round "3"]
[White "Fressinet,L"]
[Black "Volkov,Sergey1"]
[Result "1/2-1/2"]
[WhiteElo "2654"]
[BlackElo "2648"]
[EventDate "2007.10.03"]

1. d4 d5 2. Nf3 Nf6 3. c4 c6 4. Nc3 a6 5. c5 Nbd7 6. Bf4 Nh5 7. Bd2 Nhf6 8.
Qc2 g6 9. g3 Bg7 10. Bg2 O-O 11. O-O Re8 12. Rad1 Nf8 13. h3 h6 14. Qc1 Kh7
15. Ne5 Be6 16. Rfe1 Ne4 17. Nxe4 dxe4 18. Bf4 f5 19. Nc4 Bxc4 20. Qxc4 Qd5
21. Qxd5 cxd5 22. Bc1 Ne6 23. e3 h5 24. b3 h4 25. b4 1/2-1/2

[Event "23rd ECC Men"]
[Site "Kemer TUR"]
[Date "2007.10.06"]
[Round "4"]
[White "Aulin Jansson,J"]
[Black "Lenic,L"]
[Result "0-1"]
[WhiteElo "2279"]
[BlackElo "2531"]
[EventDate "2007.10.03"]

1. d4 Nf6 2. Nf3 g6 3. c4 Bg7 4. Nc3 O-O 5. e4 d6 6. Be2 Nbd7 7. e5 Ne8 8.
exd6 cxd6 9. O-O e5 10. Re1 h6 11. Bf1 Nc7 12. b3 f5 13. dxe5 dxe5 14. Ba3
Re8 15. Rc1 a6 16. c5 Ne6 17. Na4 e4 18. Nd2 Bd4 19. Bc4 Ne5 20. Nb6 Rb8
21. Nxc8 Rxc8 22. Nf1 Kh7 23. Ne3 Nf4 24. Qc2 Nfd3 25. b4 Qg5 26. Re2 f4
0-1

[Event "23rd ECC Men"]
[Site "Kemer TUR"]
[Date "2007.10.06"]
[Round "4"]
[White "Erturan,Y"]
[Black "Kempinski,R"]
[Result "0-1"]
[WhiteElo "2419"]
[BlackElo "2596"]
[EventDate "2007.10.03"]

1. e4 c5 2. Nf3 d6 3. Bb5+ Nd7 4. O-O Ngf6 5. Re1 a6 6. Bf1 b6 7. d4 cxd4
8. Nxd4 Bb7 9. f3 g6 10. c4 Bg7 11. Be3 O-O 12. Nc3 e6 13. Qd2 Qc7 14. Rac1
Rfd8 15. Red1 Rac8 16. Qf2 Qb8 17. Nb3 Nc5 18. Rc2 Nfd7 19. Bg5 f6 20. Bf4
Ne5 21. Nd4 Re8 22. Rcd2 Ncd7 23. Nc2 Bf8 24. Ne3 Qc7 25. Be2 Rcd8 26. Bg3
Nf7 27. Kh1 f5 28. exf5 gxf5 29. Bh4 Rc8 30. g4 f4 31. Ng2 Nfe5 32. Rd4 Ng6
33. Nxf4 Nxf4 34. Rxf4 Bg7 35. g5 Rf8 36. Qg3 Be5 37. Rxf8+ Rxf8 38. Qg4
Nc5 39. Bg3 Qg7 40. Kg2 Bxc3 41. bxc3 Qxc3 42. Rf1 Qc2 43. Rf2 e5 44. Kg1
Qxa2 45. f4 Qb1+ 46. Rf1 Qe4 47. Bf3 Qe3+ 48. Kg2 Bxf3+ 0-1

[Event "23rd ECC Men"]
[Site "Kemer TUR"]
[Date "2007.10.06"]
[Round "4"]
[White "Citak,S"]
[Black "Sebastian,D"]
[Result "1-0"]
[WhiteElo "2324"]
[BlackElo "2445"]
[EventDate "2007.10.03"]

1. d4 d6 2. e4 Nf6 3. Nc3 g6 4. f4 Bg7 5. Nf3 c5 6. Bb5+ Bd7 7. e5 Ng4 8.
e6 Bxb5 9. exf7+ Kd7 10. Nxb5 Qa5+ 11. Nc3 cxd4 12. Nxd4 h5 13. Qf3 Nc6 14.
Nde2 Raf8 15. h3 Nh6 16. Be3 Nxf7 17. O-O-O Kc8 18. Rd5 Qa6 19. Qe4 Nfd8
20. Rb5 Rhg8 21. Rb3 b6 22. Rd1 Rf5 23. g4 hxg4 24. hxg4 Ra5 25. a3 Bh8 26.
Rd3 Qb7 27. Nb5 Qd7 28. Bd2 Qe6 29. Qxe6+ Nxe6 30. Bxa5 Nxa5 31. Re3 1-0

[Event "23rd ECC Men"]
[Site "Kemer TUR"]
[Date "2007.10.06"]
[Round "4"]
[White "Van der Elburg,F"]
[Black "Yssing,K"]
[Result "1/2-1/2"]
[WhiteElo "2278"]
[BlackElo "2140"]
[EventDate "2007.10.03"]

1. c4 b6 2. Nc3 Bb7 3. d4 f5 4. d5 e5 5. dxe6 dxe6 6. Qxd8+ Kxd8 7. Bf4 Nd7
8. O-O-O Ngf6 9. e3 Ne8 10. Nf3 Bxf3 11. gxf3 Bd6 12. Bxd6 cxd6 13. f4 Ke7
14. b3 g6 15. Bg2 Rc8 16. Kb2 Nc5 17. b4 Nd7 18. Kb3 Ndf6 19. Nb5 a5 20.
bxa5 bxa5 21. Na7 Rc5 22. Nc6+ Kd7 23. Nb8+ Ke7 24. Na6 1/2-1/2

[Event "23rd ECC Men"]
[Site "Kemer TUR"]
[Date "2007.10.06"]
[Round "4"]
[White "Dal Borgo,A"]
[Black "Killane,J"]
[Result "1-0"]
[WhiteElo "2150"]
[BlackElo "2116"]
[EventDate "2007.10.03"]

1. d4 e6 2. e4 d5 3. Nc3 Bb4 4. exd5 exd5 5. Bd3 Nf6 6. Nge2 O-O 7. O-O c6
8. a3 Bd6 9. Ng3 Be6 10. Nce2 Qc7 11. f4 Bg4 12. h3 Bxe2 13. Qxe2 Re8 14.
Qf3 Nbd7 15. Nf5 Bf8 16. g4 Ne4 17. g5 g6 18. Ne3 f5 19. gxf6 Ndxf6 20. Ng4
Nxg4 21. hxg4 Bg7 22. c3 Qe7 23. Kg2 Rf8 24. Be3 Rae8 25. Rae1 Bf6 26. Bc1
Rf7 27. Qh3 Qd7 28. Re3 Rfe7 29. f5 Ng5 30. Qg3 Rxe3 31. Bxe3 Qe7 32. fxg6
Qxe3 33. gxh7+ Kh8 34. Rxf6 Qxg3+ 35. Kxg3 1-0

[Event "23rd ECC Men"]
[Site "Kemer TUR"]
[Date "2007.10.06"]
[Round "4"]
[White "Schaufelberger,H"]
[Black "Karttunen,M"]
[Result "1/2-1/2"]
[WhiteElo "2332"]
[BlackElo "2427"]
[EventDate "2007.10.03"]

1. d4 d5 2. c4 c6 3. Nf3 Nf6 4. e3 g6 5. Nc3 Bg7 6. Bd3 O-O 7. O-O a6 8. h3
b5 9. cxd5 cxd5 10. b4 Nc6 11. Qb3 Qd6 12. Rb1 Rb8 13. Rd1 Bd7 14. Bd2
1/2-1/2

[Event "23rd ECC Men"]
[Site "Kemer TUR"]
[Date "2007.10.06"]
[Round "4"]
[White "Bayram,Y"]
[Black "Johannessen,LE"]
[Result "1/2-1/2"]
[WhiteElo "2350"]
[BlackElo "2536"]
[EventDate "2007.10.03"]

1. d4 Nf6 2. c4 e6 3. Nc3 Bb4 4. e3 O-O 5. Bd3 c5 6. Nge2 d5 7. O-O cxd4 8.
exd4 dxc4 9. Bxc4 Nc6 10. Bg5 Be7 11. Qd2 b6 12. Rfd1 Bb7 13. a3 Rc8 14.
Qd3 Nd5 15. Bxe7 Ncxe7 16. Ba2 Ng6 17. Nxd5 Bxd5 18. Bxd5 Qxd5 19. Nc3 Qb3
20. Rd2 Rfd8 21. Qa6 Rc7 22. Rad1 Rcd7 23. Qb5 Qxb5 24. Nxb5 Nf4 25. Nc3
Kf8 26. g3 Nd5 27. Nxd5 Rxd5 28. f4 Ke7 29. Kf2 Rc8 30. Ke3 a5 31. Rd3 Kd6
32. Rb3 b5 33. Rc3 Rc4 34. h4 h5 35. Rxc4 bxc4 36. a4 Ke7 37. b3 cxb3 38.
Rb1 Rd7 39. Rxb3 Rc7 40. Kd3 Rc1 41. Rb5 Rd1+ 42. Kc3 Rc1+ 43. Kb2 Rg1 44.
Rxa5 Rxg3 45. Rb5 Rf3 46. a5 Rxf4 47. Kc3 Rf1 48. Kb2 Rf4 49. Kc3 Rf1 50.
Kb2 Rf4 51. Rb4 Rf5 52. Ra4 Rb5+ 53. Kc3 Rb8 54. a6 Kd6 55. Ra5 g6 56. Kd3
Kc6 57. Ke4 Kb6 58. Ra1 f6 59. a7 Ra8 60. Rg1 g5 61. hxg5 fxg5 62. Rxg5
Rxa7 63. Rg6 Rh7 64. Rxe6+ Kc7 65. Ra6 Kb7 1/2-1/2

[Event "23rd ECC Men"]
[Site "Kemer TUR"]
[Date "2007.10.06"]
[Round "4"]
[White "Abeln,M"]
[Black "Prizker,B"]
[Result "1-0"]
[WhiteElo "2378"]
[BlackElo "2212"]
[EventDate "2007.10.03"]

1. d4 Nf6 2. c4 e6 3. Nc3 Bb4 4. e3 O-O 5. Bd3 c5 6. Nf3 d5 7. O-O cxd4 8.
exd4 dxc4 9. Bxc4 b6 10. Bg5 Bb7 11. Rc1 1-0

[Event "23rd ECC Men"]
[Site "Kemer TUR"]
[Date "2007.10.06"]
[Round "4"]
[White "Roussiere,C"]
[Black "Griffiths,R"]
[Result "1-0"]
[WhiteElo "2108"]
[BlackElo "2051"]
[EventDate "2007.10.03"]

1. e4 c5 2. Nf3 d6 3. Bb5+ Nd7 4. O-O Ngf6 5. Re1 a6 6. Bf1 b5 7. a4 Bb7 8.
axb5 axb5 9. Rxa8 Bxa8 10. Bxb5 Bxe4 11. Nc3 Bb7 12. d4 Bxf3 13. Qxf3 cxd4
14. Nd5 e5 15. Nxf6+ gxf6 16. Bd2 Qc7 17. Qxf6 Rg8 18. Ra1 Rxg2+ 19. Kf1
Qc8 20. Bxd7+ Kxd7 21. Qf5+ 1-0

[Event "23rd ECC Men"]
[Site "Kemer TUR"]
[Date "2007.10.06"]
[Round "4"]
[White "Rendboe,J"]
[Black "Gilbert,Co"]
[Result "1-0"]
[WhiteElo "2255"]
[BlackElo "1865"]
[EventDate "2007.10.03"]

1. d4 Nf6 2. c4 e6 3. Nc3 Bb4 4. e3 b6 5. Nge2 Bb7 6. a3 Bxc3+ 7. Nxc3 O-O
8. Bd3 d5 9. O-O dxc4 10. Bxc4 Qe7 11. Qe2 Rd8 12. b4 c5 13. bxc5 bxc5 14.
dxc5 Qxc5 15. Bb2 Qg5 16. f3 Nbd7 17. Rad1 Ne5 18. Bb5 Rxd1 19. Nxd1 Ng6
20. Bd4 a6 21. Bc4 Rc8 22. Bb3 h5 23. Nf2 Nh4 24. Nh3 Qg6 25. e4 Nxe4 26.
fxe4 Bxe4 27. Nf4 Nf3+ 28. Qxf3 Bxf3 29. Nxg6 Rd8 30. Rxf3 Rxd4 31. Ne5 1-0

[Event "23rd ECC Men"]
[Site "Kemer TUR"]
[Date "2007.10.07"]
[Round "5"]
[White "Predojevic,B"]
[Black "Blagojevic,Dr"]
[Result "1/2-1/2"]
[WhiteElo "2645"]
[BlackElo "2513"]
[EventDate "2007.10.03"]

1. e4 e5 2. Nf3 Nc6 3. Bc4 Nf6 4. d3 Be7 5. O-O O-O 6. Re1 d6 7. a4 Bg4 8.
h3 Bh5 9. Nbd2 Nd4 10. g4 Nxf3+ 11. Qxf3 Bg6 12. Nf1 h6 13. Ng3 Nh7 14. Qg2
Bg5 15. Rf1 c6 16. f4 exf4 17. Bxf4 Qb6+ 18. Kh1 Bxf4 19. Rxf4 Qxb2 20.
Raf1 Kh8 21. Bxf7 1/2-1/2

[Event "23rd ECC Men"]
[Site "Kemer TUR"]
[Date "2007.10.07"]
[Round "5"]
[White "Naiditsch,A"]
[Black "Lupulescu,C"]
[Result "1-0"]
[WhiteElo "2647"]
[BlackElo "2562"]
[EventDate "2007.10.03"]

1. e4 c5 2. Nf3 d6 3. d4 Nf6 4. Nc3 cxd4 5. Qxd4 a6 6. e5 Nc6 7. Qa4 Ng4 8.
Bf4 dxe5 9. Nxe5 Ngxe5 10. Bxe5 Bd7 11. Bg3 e5 12. O-O-O Nd4 13. Qc4 Be6
14. Qd3 Qg5+ 15. Kb1 Bf5 16. Ne4 Qg6 17. f3 Nc6 1-0

[Event "23rd ECC Men"]
[Site "Kemer TUR"]
[Date "2007.10.07"]
[Round "5"]
[White "Ivanov,Sergey1"]
[Black "Istratescu,A"]
[Result "1/2-1/2"]
[WhiteElo "2532"]
[BlackElo "2631"]
[EventDate "2007.10.03"]

1. d4 Nf6 2. c4 e6 3. Nc3 Bb4 4. e3 b6 5. Nge2 Ba6 6. a3 Bxc3+ 7. Nxc3 d5
8. b3 O-O 9. Be2 Nc6 10. a4 Re8 11. Ba3 e5 12. dxe5 Nxe5 13. Nxd5 Nxd5 14.
Qxd5 Qf6 15. O-O Rad8 16. Qe4 Nxc4 17. Qf3 Qxf3 18. gxf3 Nxa3 19. Bxa6 Nc2
20. Rad1 Nb4 21. Bc4 Kf8 22. Kg2 Ke7 23. e4 c6 24. f4 a6 25. e5 b5 26. Be2
Nc2 27. Bf3 Nd4 28. axb5 axb5 29. b4 g6 30. Be4 Rd7 31. Rc1 Rc8 32. Rfe1
Rdc7 33. Rcd1 Rd8 34. Rc1 h5 35. Re3 Ne6 36. Rxc6 Nxf4+ 37. Kg3 Rxc6 38.
Bxc6 Rd4 39. Re4 Rxe4 40. Bxe4 Ne2+ 41. Kf3 Nc3 42. Bc6 f6 43. Kf4 Ke6 44.
exf6 Kxf6 45. h4 1/2-1/2

[Event "23rd ECC Men"]
[Site "Kemer TUR"]
[Date "2007.10.07"]
[Round "5"]
[White "Kristjansson,St"]
[Black "Yaramis,H"]
[Result "1-0"]
[WhiteElo "2458"]
[BlackElo "2119"]
[EventDate "2007.10.03"]

1. d4 d5 2. Nf3 Nf6 3. g3 e6 4. Bg2 Be7 5. O-O O-O 6. c4 dxc4 7. Ne5 Nbd7
8. Nxc4 Rb8 9. Nc3 a6 10. e4 Nb6 11. Nxb6 cxb6 12. Bf4 Ra8 13. Rc1 b5 14.
d5 exd5 15. e5 Ne8 16. Nxd5 Be6 17. Be3 Bxd5 18. Qxd5 Qxd5 19. Bxd5 Rb8 20.
Rfd1 Kh8 21. Bg2 f6 22. Rd7 1-0

[Event "23rd ECC Men"]
[Site "Kemer TUR"]
[Date "2007.10.07"]
[Round "5"]
[White "Diesen,B"]
[Black "Csiszar,Z"]
[Result "1-0"]
[WhiteElo "2203"]
[BlackElo "2318"]
[EventDate "2007.10.03"]

1. e4 c6 2. d4 d5 3. e5 c5 4. dxc5 Nc6 5. Bb5 e6 6. Be3 Nge7 7. c3 Bd7 8.
Bxc6 Bxc6 9. Nf3 Nf5 10. Bd4 Nxd4 11. Qxd4 Be7 12. Nbd2 O-O 13. O-O Qc7 14.
Rfe1 Rfc8 15. b4 b6 16. cxb6 axb6 17. a3 Bb5 18. Nb1 Qd8 19. Qd2 Qd7 20.
Nd4 Bc4 21. f4 g6 22. Re3 Bf8 23. Qf2 Bg7 24. Nd2 Rc7 25. g4 Rca7 26. Nb1
Re8 27. Qh4 Qe7 28. g5 Qd7 29. Rh3 Rea8 30. Qxh7+ Kf8 31. Qh4 Qa4 32. Qe1
Qd7 33. Re3 Ke7 34. h4 Rh8 35. Rh3 Raa8 36. Nd2 Qc7 37. Qd1 Rac8 38. a4 Ra8
39. Kg2 Ra7 40. Ra3 Rha8 41. h5 gxh5 42. Rxh5 Bd3 43. Rh3 Bc4 44. Rh7 Rg8
45. N2f3 Qd7 46. Qc2 Kf8 47. Ra1 Ba6 48. Kf2 Qc7 49. Rc1 1-0

[Event "23rd ECC Men"]
[Site "Kemer TUR"]
[Date "2007.10.07"]
[Round "5"]
[White "Geenen,M"]
[Black "Roos,Louis1"]
[Result "1/2-1/2"]
[WhiteElo "2293"]
[BlackElo "2370"]
[EventDate "2007.10.03"]

1. e4 e6 2. d4 d5 3. Nd2 c5 4. exd5 exd5 5. Bb5+ Nc6 6. Ngf3 Bd6 7. dxc5
Bxc5 8. O-O Nge7 9. Nb3 Bd6 10. Re1 O-O 11. Bd3 Qc7 12. c3 Bg4 13. h3 Bxf3
14. Qxf3 Ne5 15. Qd1 Nxd3 16. Qxd3 h6 17. Be3 1/2-1/2

[Event "23rd ECC Men"]
[Site "Kemer TUR"]
[Date "2007.10.07"]
[Round "5"]
[White "Johannessen,LE"]
[Black "Glek,I"]
[Result "0-1"]
[WhiteElo "2536"]
[BlackElo "2543"]
[EventDate "2007.10.03"]

1. d4 e6 2. c4 f5 3. g3 Nf6 4. Bg2 Bb4+ 5. Nd2 O-O 6. Ngf3 d5 7. O-O c6 8.
Ne5 Nbd7 9. Ndf3 Nxe5 10. Nxe5 Bd6 11. b3 Qe8 12. Qc2 b6 13. a4 Ba6 14. a5
b5 15. Bb2 Rc8 16. c5 Bb8 17. Nd3 Rc7 18. Bc1 Re7 19. b4 h6 20. Bf4 Bxf4
21. Nxf4 e5 22. dxe5 Rxe5 23. e3 Bc8 24. Ne2 a6 25. Nd4 Bd7 26. Rae1 Re7
27. Qc3 Ng4 28. Nf3 g5 29. Rd1 Nf6 30. Nd4 h5 31. Rde1 h4 32. f3 Qh5 33.
Qc2 hxg3 34. hxg3 0-1

[Event "23rd ECC Men"]
[Site "Kemer TUR"]
[Date "2007.10.07"]
[Round "5"]
[White "Griffiths,R"]
[Black "Petersen,Stee1"]
[Result "1/2-1/2"]
[WhiteElo "2051"]
[BlackElo "2154"]
[EventDate "2007.10.03"]

1. e4 c5 2. Nf3 Nc6 3. d4 cxd4 4. Nxd4 e6 5. Nc3 Qc7 6. Be3 a6 7. Bd3 Nf6
8. O-O d6 9. f4 Be7 10. Qf3 O-O 11. Rae1 Re8 12. Qg3 b5 13. e5 Nd5 14. Nxd5
exd5 15. e6 fxe6 16. Qh3 g6 17. Nxe6 Bxe6 18. Qxe6+ Kg7 19. Qxd5 Bf6 20. f5
Rxe3 21. Rxe3 Qb6 22. Qe4 Bd4 23. Rfe1 Bxe3+ 24. Qxe3 Qxe3+ 25. Rxe3 Ne5
1/2-1/2

[Event "23rd ECC Men"]
[Site "Kemer TUR"]
[Date "2007.10.08"]
[Round "6"]
[White "Kasimdzhanov,R"]
[Black "Rublevsky,S"]
[Result "0-1"]
[WhiteElo "2690"]
[BlackElo "2676"]
[EventDate "2007.10.03"]

1. d4 d5 2. c4 dxc4 3. e4 e5 4. Nf3 exd4 5. Bxc4 Bb4+ 6. Bd2 Bxd2+ 7. Nbxd2
Qf6 8. Nb3 Nc6 9. Bb5 Nge7 10. Qxd4 Qxd4 11. Nfxd4 Bd7 12. O-O-O O-O-O 13.
Nc5 Be8 14. Nf3 b6 15. Ba6+ Kb8 16. Rxd8+ Nxd8 17. Rd1 Bc6 18. Nd7+ Ka8 19.
Nde5 Bxe4 20. Rd7 Re8 21. Rxc7 Ne6 22. Rc4 Nc5 23. Bb5 Rc8 24. b4 Bxf3 25.
Nxf3 a6 26. bxc5 axb5 27. Rc2 Rxc5 28. Nd4 b4 29. Nb3 Re5 30. Rc7 Kb8 31.
Rd7 Kc8 32. Ra7 Kd8 33. Kd2 Rh5 34. h3 Rd5+ 35. Ke3 Rd7 36. Ra8+ Kc7 37.
Ra7+ Kd6 38. Rxd7+ Kxd7 39. Kd4 Ng6 40. g3 Kc6 41. Kc4 Ne5+ 42. Kd4 Nf3+
43. Kc4 Ng5 44. Nd4+ Kc7 45. h4 Ne4 46. Kxb4 Nxf2 47. a4 h5 48. Nf5 g6 49.
Nh6 f6 50. Kb5 Ne4 51. g4 Nd6+ 52. Ka6 f5 53. gxh5 gxh5 54. Ng8 f4 55. Nf6
f3 56. Nxh5 Nf5 0-1

[Event "23rd ECC Men"]
[Site "Kemer TUR"]
[Date "2007.10.08"]
[Round "6"]
[White "Volkov,Sergey1"]
[Black "Tiviakov,S"]
[Result "1/2-1/2"]
[WhiteElo "2648"]
[BlackElo "2643"]
[EventDate "2007.10.03"]

1. d4 Nf6 2. c4 e6 3. Nc3 Bb4 4. e3 c5 5. Nge2 cxd4 6. exd4 O-O 7. a3 Be7
8. Nf4 d5 9. cxd5 Nxd5 10. Ncxd5 exd5 11. Bd3 Nc6 12. O-O Bf6 13. Be3 g6
14. Rc1 Qd6 15. g3 Be6 16. Nxe6 Qxe6 17. Bb5 Rac8 18. Bxc6 Rxc6 19. Rxc6
Qxc6 20. Qb3 b6 21. Rc1 Qd7 22. Qc3 Re8 23. Qc6 Qxc6 24. Rxc6 Kg7 25. Rd6
1/2-1/2

[Event "23rd ECC Men"]
[Site "Kemer TUR"]
[Date "2007.10.08"]
[Round "6"]
[White "Dambrauskas,V"]
[Black "Dizdar,G"]
[Result "0-1"]
[WhiteElo "2337"]
[BlackElo "2549"]
[EventDate "2007.10.03"]

1. d4 e6 2. Nf3 c5 3. c4 cxd4 4. Nxd4 Nc6 5. Nc3 Nf6 6. e3 d5 7. cxd5 exd5
8. Be2 Bd6 9. O-O O-O 10. Nxc6 bxc6 11. b3 Qe7 12. Bb2 Qe5 13. g3 Bh3 14.
Re1 Qg5 15. Rc1 Rfe8 16. Bf3 Ng4 17. Nb1 Re6 18. Nd2 Rae8 19. Nf1 Be5 20.
Bxe5 Nxe5 21. Be2 Qf5 22. f4 Qe4 0-1

[Event "23rd ECC Men"]
[Site "Kemer TUR"]
[Date "2007.10.08"]
[Round "6"]
[White "Huschenbeth,N"]
[Black "Farago,I"]
[Result "1-0"]
[WhiteElo "2318"]
[BlackElo "2504"]
[EventDate "2007.10.03"]

1. e4 e6 2. d4 d5 3. Nc3 Bb4 4. e5 c5 5. a3 Bxc3+ 6. bxc3 Ne7 7. Qg4 O-O 8.
Bd3 Nbc6 9. Qh5 Ng6 10. Nf3 Qc7 11. Be3 c4 12. Bxg6 fxg6 13. Qg4 Qf7 14.
Ng5 Qe8 15. h4 h6 16. Nh3 Ne7 17. Qe2 Nf5 18. Nf4 Bd7 19. h5 g5 20. Ng6 Rf7
21. g4 Ne7 22. f4 gxf4 23. Nxf4 Qd8 24. Kd2 b5 25. Ng6 a5 26. g5 b4 27.
gxh6 bxc3+ 28. Kxc3 a4 29. Nxe7+ Rxe7 30. Rab1 Kh7 31. Bg1 Rf7 32. Qg4 Qe7
33. Qg6+ Kh8 34. hxg7+ Kg8 35. h6 1-0

[Event "23rd ECC Men"]
[Site "Kemer TUR"]
[Date "2007.10.08"]
[Round "6"]
[White "Erbis,B"]
[Black "Sisatto,O"]
[Result "0-1"]
[WhiteElo "2023"]
[BlackElo "2264"]
[EventDate "2007.10.03"]

1. e4 e5 2. Nf3 Nc6 3. Bb5 a6 4. Ba4 d6 5. c3 Nge7 6. d4 Bd7 7. O-O Ng6 8.
Re1 Be7 9. d5 Nb8 10. Bxd7+ Nxd7 11. Qc2 h6 12. c4 Bg5 13. Nc3 Bxc1 14.
Raxc1 O-O 15. Ne2 a5 16. b3 Ne7 17. g4 Ng6 18. Ng3 Nf4 19. Ne2 Qf6 20. Qc3
Nc5 21. Nxf4 Qxf4 22. Qe3 Qxg4+ 23. Kh1 f5 24. Nxe5 Qxe4+ 25. Qf3 Qxf3+ 26.
Nxf3 Nd3 27. Kg2 a4 28. b4 a3 29. Nd4 Ra4 30. Nb5 Rxb4 31. Nxa3 Ra8 0-1

[Event "23rd ECC Men"]
[Site "Kemer TUR"]
[Date "2007.10.08"]
[Round "6"]
[White "Jelling,E"]
[Black "Van Hoolandt,P"]
[Result "1-0"]
[WhiteElo "2388"]
[BlackElo "2245"]
[EventDate "2007.10.03"]

1. d4 Nf6 2. c4 e6 3. Nc3 Bb4 4. e3 O-O 5. Nge2 Re8 6. a3 Bf8 7. d5 d6 8.
g3 c6 9. Bg2 exd5 10. cxd5 c5 11. O-O Nbd7 12. h3 a6 13. a4 Rb8 14. a5 b5
15. axb6 Qxb6 16. f4 Qb3 17. g4 Qxd1 18. Rxd1 Nb6 19. g5 Nfd7 20. Kf2 Na8
21. h4 Ndb6 22. Ng3 Nc7 23. Bf1 Bg4 24. Rd2 Bd7 25. h5 Nc8 26. h6 Rb6 27.
Nh5 Bg4 28. hxg7 Bxh5 29. gxf8=Q+ Rxf8 30. Ne4 Ne8 31. Bh3 Rb4 32. Ng3 Ng7
33. Rxa6 Rc4 34. Ra1 Nb6 35. b3 Rxc1 36. Rxc1 f6 37. Be6+ Kh8 38. gxf6 Rxf6
39. f5 Bg4 40. e4 Rh6 41. Rh1 Rf6 42. Ke3 h5 43. Kf4 c4 44. Rd4 Kh7 45.
bxc4 Na4 46. e5 Rf8 47. exd6 Nc5 48. Ke5 Kh6 49. Rxg4 1-0